Biografias y semblanzas. (Record no. 1768)
[ view plain ]
| 000 -CABECERA | |
|---|---|
| campo de control de longitud fija | 00753cam a22001811 4500 |
| 001 - NÚMERO DE CONTROL | |
| campo de control | 000001896 |
| 005 - FECHA Y HORA DE LA ÚLTIMA TRANSACCIÓN | |
| campo de control | 20200929145740.0 |
| 008 - DATOS DE LONGITUD FIJA--INFORMACIÓN GENERAL | |
| campo de control de longitud fija | 801009s1920 ec c 000 0 spa |
| 010 ## - NÚMERO DE CONTROL DE LA BIBLIOTECA DEL CONGRESO | |
| Número de control de LC | 24008623 |
| 040 ## - FUENTE DE LA CATALOGACIÓN | |
| Centro catalogador/agencia de origen | DO-SdBNP |
| Lengua de catalogación | spa |
| Centro/agencia transcriptor | BNPHU |
| 100 1# - ENTRADA PRINCIPAL--NOMBRE DE PERSONA | |
| Nombre de persona | Calle, Manuel J., |
| Fechas asociadas al nombre | 1866-1918. |
| 9 (RLIN) | 6183 |
| 245 10 - MENCIÓN DE TÍTULO | |
| Título | Biografias y semblanzas. |
| 260 ## - PUBLICACIÓN, DISTRIBUCIÓN, ETC. | |
| Lugar de publicación, distribución, etc. | Quito, Ecuador, : |
| Nombre del editor, distribuidor, etc. | Talleres tipograficos nacionales, |
| Fecha de publicación, distribución, etc. | 1920. |
| 300 ## - DESCRIPCIÓN FÍSICA | |
| Extensión | xxxi, 294 p. : |
| Otras características físicas | ports. ; |
| Dimensiones | 22 cm. |
| 500 ## - NOTA GENERAL | |
| Nota general | Dated on cover: 1921. |
| 505 0# - NOTA DE CONTENIDO CON FORMATO | |
| Nota de contenido con formato | Paginas preliminares [por R. R. Leon]--Un gran periodista muerto [Manuel J. Calle, por G. Zaldumbide]--Luis Cordero.--Remigio Crespo Toral.--Federico Gonzalez Suarez.--Luis A. Martinez.--Juan B. Vela.--Honorato Vazquez. |
| 651 #0 - PUNTO DE ACCESO ADICIONAL DE MATERIA--NOMBRE GEOGRÁFICO | |
| Nombre geográfico | Ecuador |
| Subdivisión de forma | Biography. |
| 9 (RLIN) | 6184 |
| Estado de retiro | Estado de pérdida | Restricciones de uso | No para préstamo | Código de colección | Localización permanente | Ubicación/localización actual | Ubicación en estantería | Fecha de adquisición | Número de inventario | Total de préstamos | Signatura topográfica completa | Código de barras | Fecha visto por última vez | Precio válido a partir de | Tipo de ítem Koha |
|---|---|---|---|---|---|---|---|---|---|---|---|---|---|---|---|
| Préstamo interno | Préstamo restrigido | Monografías: Libros y Folletos | General | General | En encuadernación | 07.09.2009 | LF1 | 1896-10 | 25.06.2020 | 25.06.2020 | Préstamo interno |
